Click a George Quiz Stats

 Plays Quiz Updated Jan 14, 2013

Also try: Click a John
Challenge
Share
Tweet
Embed
Score 0/20 Timer 03:00
5 Plays Today
% Correct
Harrison
92.8%
Armani
92.5%
Orwell
89.3%
Foreman
87.7%
Custer
82.5%
Gershwin
79.3%
Patton
78.7%
Clemenceau
72.9%
Burns
69%
Pullman
64.4%
% Correct
Eastman
61.4%
Bizet
58.9%
Shaw
55.2%
Eliot
48.4%
O'Dowd
45%
Plantagenet
43.7%
Meade
38.1%
Best
38%
Stephenson
34.1%
Danton
23.5%

You're not logged in!

Compare scores with friends on all Sporcle quizzes.
Join for Free
OR
Log In

You Might Also Like...

Show Comments

Extras

Top Quizzes Today


Score Distribution

Your Account Isn't Verified!

In order to create a playlist on Sporcle, you need to verify the email address you used during registration. Go to your Sporcle Settings to finish the process.

Report this User

Report this user for behavior that violates our Community Guidelines.

Details: